Phương pháp làm văn và rèn luyện kỹ năng làm văn lớp 10
v.v...
Đã lưu trong:
| Tác giả chính: | |
|---|---|
| Định dạng: | Sách |
| Năm xuất bản: |
Tp HCM
Thanh niên
1999
|
| Chủ đề: | |
| Tags: |
Thêm thẻ
Không có thẻ, Hãy là người đầu tiên gắn thẻ bản ghi này!
|
| LEADER | 00869nam a2200181 4500 | ||
|---|---|---|---|
| 082 | |a 807 |b NG527H | ||
| 100 | |a Nguyễn Hữu Quang | ||
| 245 | |a Phương pháp làm văn và rèn luyện kỹ năng làm văn lớp 10 |c Nguyễn Hữu Quang | ||
| 260 | |a Tp HCM |b Thanh niên |c 1999 | ||
| 300 | |a 565 tr. |c 21 cm. | ||
| 520 | |a v.v... | ||
| 653 | |a Văn học | ||
| 653 | |a Tập làm văn | ||
| 653 | |a Lớp 10 | ||
| 942 | |2 ddc |c SH | ||
| 999 | |c 9025 |d 9025 | ||
| 952 | |0 0 |1 0 |2 ddc |4 0 |6 807_000000000000000_NG527H |7 0 |8 800 |9 73878 |a qbu |b qbu |c D5 |d 2015-05-04 |g 32000 |o 807 NG527H |p 8689.c1 |r 0000-00-00 |w 2015-05-04 |y STK0 |0 0 |6 807_000000000000000_NG527H |0 0 |6 807_000000000000000_NG527H | ||
| 952 | |0 0 |1 0 |2 ddc |4 0 |6 807_000000000000000_NG527H |7 0 |8 800 |9 94184 |a qbu |b qbu |c D5 |d 2015-09-16 |g 32000 |o 807 NG527H |p 8689.c2 |r 2015-10-29 |w 2015-09-16 |y STK0 |0 0 |6 807_000000000000000_NG527H |0 0 |6 807_000000000000000_NG527H | ||